| 000 | 01082nji a22002897a 4500 | ||
|---|---|---|---|
| 005 | 2010091608038.0 | ||
| 006 | a|||||r|||||00| 0 | ||
| 007 | sd ammalaaahaa | ||
| 008 | 100830t xxu||||| |||| 00| 0 eng d | ||
| 028 |
_aTAE. 30323 _bAngel Records |
||
| 035 | _aGR-02979 | ||
| 040 |
_aSED _cSED |
||
| 100 |
_917455 _aHemant Kumar |
||
| 245 |
_aKhamoshi / _cby Hemant Kumar...[et.al] ; lyrics by Gulzaar _h[sound recording] : |
||
| 246 | _aख़ामोशी (हेमंत कुमार) | ||
| 260 |
_aDum Dum, India _bAngel Records _c1969 |
||
| 300 |
_a1 sound disc [Gramophone Recording]: _banalog, 45 rpm _c7 in. (SP) _fGramophone Record |
||
| 500 | _aBrief Record | ||
| 505 | _aSide-1 Tum pukaar lo (Tum pukaar lo), Side-2 Wah shaam kutch azeeb thi (वह शाम कुछ अजीब थी) | ||
| 650 |
_aClassical music _zIndia _91186 _xExcerpts _vFilm song |
||
| 700 |
_917416 _aGulzaar |
||
| 700 | _917456 | ||
| 700 | _918864 | ||
| 700 | _918874 | ||
| 942 |
_2ddc _cGR |
||
| 999 |
_c46321 _d46321 |
||